000 00860nam0a22002771 4500
001 rc\4532220
005 20250611191932.0
021 _aRU
_b[61-12719]
035 _a(NLR Aleph) 008356730
090 _a8972109
_c8972109
100 _a20130416d1960 |||y0rusy50 ca
101 0 _arus
102 _aRU
105 _ay z |||||
200 1 _aКнига для чтения на немецком языке
_fСост. Ренигер А.В. и Пальцева Т.Н.
210 _a[Москва
_cВнешторгиздат
_d1960]
215 _a70 с.
_d22
300 _aНа тит. л. загл.: Deutsches Lesebuch
517 0 _aDeutsches Lesebuch
702 1 _aРенигер
_bА.В.
_4220
702 1 _aПальцева
_bТ.Н.
_4220
801 0 _aRU
_bNLR
_gpsbo
801 1 _aRU
_bELAR
_2rusmarc
852 _aNLR
_j61-6/2126
942 _cBOOK
980 _aNB